Central Library OPAC University of Rajshahi

BIOACTIVE PROPERTIES OF THE TOOTHBRUSH PLANT, GLYCOSMIS PENTAPHYLLA (RETZ.) WITH SPECIAL REFERENCE TO STORED PRODUCT PESTS / (Record no. 80835)

MARC details
000 -LEADER
fixed length control field 00976nam a2200241 a 4500
001 - CONTROL NUMBER
RUCL Control Number 80835
003 - CONTROL NUMBER IDENTIFIER
rucl marc code BD-RjUL
005 - DATE AND TIME OF LATEST TRANSACTION
control field 20230605122641.0
008 - FIXED-LENGTH DATA ELEMENTS--GENERAL INFORMATION
fixed length control field 221123s2007 BG a|||| m||| 00| 0 eng d
035 ## - SYSTEM CONTROL NUMBER
system control number (BD-RjUL)80835
040 ## - CATALOGING SOURCE
Original cataloging agency BD-RjUL
Language of cataloging eng
Transcribing agency BD-RjUL
Modifying agency BD-RjUL
041 ## - LANGUAGE CODE
Language code of Book eng
082 ## - DEWEY DECIMAL CLASSIFICATION NUMBER
DDC Edition number 23
Classification number 591.65
Author mark and Year PRB 2007
100 ## - MAIN ENTRY--PERSONAL NAME
Personal name Pramanik, Md. Shahidullah
9 (RLIN) 5993
245 10 - TITLE STATEMENT
Title BIOACTIVE PROPERTIES OF THE TOOTHBRUSH PLANT, GLYCOSMIS PENTAPHYLLA (RETZ.) WITH SPECIAL REFERENCE TO STORED PRODUCT PESTS /
Statement of responsibility, etc Md. Shahidullah Pramanik ;
Name of Supervisor/Co-Supervisor Supervisor : Md. Nurul Islam
260 ## - PUBLICATION, DISTRIBUTION, ETC. (IMPRINT)
Place of publication, distribution, etc Rajshahi :
Name of publisher, distributor, etc Department of Zoology, University of Rajshahi
Date of publication, distribution, etc 2007
300 ## - PHYSICAL DESCRIPTION
Pagination [11], viii, [1], 127, [xiii], leaves :
Other physical details ill.;
Dimensions 29 cm.
502 ## - DISSERTATION NOTE
Dissertation note Thesis(Ph.D.)-- Department of Zoology,University of Rajshahi,2007
504 ## - BIBLIOGRAPHY, ETC. NOTE
Bibliography, etc Literature Cited : Leaves 113-127
650 ## - SUBJECT ADDED ENTRY--TOPICAL TERM
Topical term or geographic name as entry element Bioactive Properties
General subdivision Pests control
9 (RLIN) 5994
700 ## - ADDED ENTRY--SUPERVISOR/CO-SUPERVISOR NAME
Personal name Islam, Md. Nurul, Supervisor
9 (RLIN) 1185
942 ## - ADDED ENTRY ELEMENTS (KOHA)
Source of classification or shelving scheme Dewey Decimal Classification
Koha item type Theses
Holdings
Source of classification or shelving scheme Damaged status Not for loan Collection code Permanent Location Current Location Shelving location Date of accession Source of acquisition Total Checkouts Full call number Barcode Date last seen Copy number Thesis
Dewey Decimal Classification   Not For Loan Theses Central Library, University of Rajshahi Central Library, University of Rajshahi Documentation Section 26/04/2008 Controller of Exam. R.U.   THE 591.65 PRB 2007 D2899 23/11/2022 C-1 Theses